এবং হিমু / (Record no. 5887)
[ view plain ]
| 000 -LEADER | |
|---|---|
| fixed length control field | 00608nam a22001817a 4500 |
| 003 - CONTROL NUMBER IDENTIFIER | |
| control field | BUBTL |
| 008 - FIXED-LENGTH DATA ELEMENTS--GENERAL INFORMATION | |
| fixed length control field | 190303b xxu||||| |||| 00| 0 eng d |
| 020 ## - INTERNATIONAL STANDARD BOOK NUMBER | |
| International Standard Book Number | 984-458-098-6 |
| 082 ## - DEWEY DECIMAL CLASSIFICATION NUMBER | |
| Classification number | 891.443 / AHE |
| 100 ## - MAIN ENTRY--PERSONAL NAME | |
| 9 (RLIN) | 1693 |
| Personal name | আহমেদ, হুমায়ূন |
| 245 ## - TITLE STATEMENT | |
| Title | এবং হিমু / |
| Statement of responsibility, etc. | হুমায়ূন আহমেদ |
| 260 ## - PUBLICATION, DISTRIBUTION, ETC. (IMPRINT) | |
| Place of publication, distribution, etc. | ঢাকা : |
| Name of publisher, distributor, etc. | সময় প্রকাশন, |
| Date of publication, distribution, etc. | c1996. |
| 300 ## - PHYSICAL DESCRIPTION | |
| Extent | 80 p. : |
| Dimensions | 22 cm. |
| 650 #0 - SUBJECT ADDED ENTRY--TOPICAL TERM | |
| 9 (RLIN) | 1700 |
| Topical term or geographic name as entry element | বাংলা সাহিত্য |
| 856 ## - ELECTRONIC LOCATION AND ACCESS | |
| Password | 0 |
| Logon | 0 |
| Link text | Download |
| 942 ## - ADDED ENTRY ELEMENTS (KOHA) | |
| Source of classification or shelving scheme | |
| Koha item type | Books |
| Withdrawn status | Lost status | Source of classification or shelving scheme | Damaged status | Not for loan | Collection code | Permanent location | Current location | Shelving location | Date acquired | Inventory number | Total Checkouts | Total Renewals | Full call number | Barcode | Checked out | Date last seen | Date last checked out | Copy number | Price effective from | Koha item type |
|---|---|---|---|---|---|---|---|---|---|---|---|---|---|---|---|---|---|---|---|---|
| Fiction | Bangladesh University of Business and Technology Library | Bangladesh University of Business and Technology Library | Fiction | 10/19/2016 | 22471 | 4 | 4 | 891.443 / AHE | BUBTL-200322471 | 01/29/2020 | 12/13/2019 | 12/13/2019 | C-1 | 03/03/2019 | Books | |||||
| Fiction | Bangladesh University of Business and Technology Library | Bangladesh University of Business and Technology Library | Fiction | 10/19/2016 | 22472 | 7 | 891.443 / AHE | BUBTL-200322472 | 07/11/2024 | 07/10/2024 | C-2 | 11/13/2019 | Books |
